| 000 | 01030nam0a22002531 4500 | ||
|---|---|---|---|
| 001 | rc\4473635 | ||
| 005 | 20250611182437.0 | ||
| 035 | _a(NLR Aleph) 008330908 | ||
| 090 |
_a8816481 _c8816481 |
||
| 100 | _a20130416d1967 |||y0rusy50 ca | ||
| 101 | 0 | _arus | |
| 102 | _aRU | ||
| 105 | _ay c ||||| | ||
| 200 | 1 |
_aКрай наш родной _e(Что читать о г. Кингисеппе и р-не _eРек. указ. лит.) _fОтд. культуры Исполкома Кингисеп. район. совета депутатов трудящихся, Кингисеп. район. б-ка _g[Сост. Д.А. Тюшкина _gРед.: Р.В. Соловьева] |
|
| 210 |
_aКингисепп _cБ. и. _d1967 |
||
| 215 |
_a63 с. _d20 |
||
| 300 | _aНа тит. и обл.: К 50-летию Сов. власти | ||
| 702 | 1 |
_aСоловьева _bР.В. _4340 |
|
| 702 | 1 |
_aТюшкин _bД.А. _4220 |
|
| 801 | 0 |
_aRU _bNLR _gpsbo |
|
| 801 | 1 |
_aRU _bELAR _2rusmarc |
|
| 852 |
_aNLR _jС К-2/6115 |
||
| 942 | _cBOOK | ||
| 980 | _aNB | ||